LEADER 01252cam2-22003371i-450 001 990007396910403321 005 20200512123117.0 035 $a000739691 035 $aFED01000739691 035 $a(Aleph)000739691FED01 035 $a000739691 100 $a20030305e19691850km-y0itay50------ba 101 0 $ager 102 $aDE 105 $ay-------001yy 200 1 $a<>Philosophischen lehren von Recht, Staat und Sitte in Deutschland, Frankreich und England, von der mitte des 18. jahrhunderts bis zur gegenwart$fImmanuel Hermann von Fichte 210 $aAalen$cScientia$d1969 215 $aXX, 820 p.$d22 cm 324 $aRipr. facs. dell'ed.: Leipzig : Dyk'sche Buchhandlung, 1850 451 1$1001990006066690403321 451 1$1001990006948840403321 461 1$1001000739690$12001$aSystem der Ethik$v1 676 $a340.1$v11$zita 700 1$aFichte,$bImmanuel Hermann von$f<1797-1879>$0267421 801 0$aIT$bUNINA$gRICA$2UNIMARC 901 $aBK 912 $a990007396910403321 952 $aXI CL F 3$bDip.Fil.2188$fDFD 959 $aDFD 996 $aPhilosophischen lehren von Recht, Staat und Sitte in Deutschland, Frankreich und England, von der mitte des 18. jahrhunderts bis zur gegenwart$9691624 997 $aUNINA LEADER 02658nam0 2200517 i 450 001 VAN0113700 005 20230706112434.313 017 70$2N$a9783319217116 100 $a20180117d2015 |0itac50 ba 101 $aita 102 $aIT 105 $a|||| ||||| 200 1 $aStochastic models for structured populations$escaling limits and long time behavior$fSylvie Meleard, Vincent Bansaye 210 $a[Cham]$cSpringer$cMathematical Biosciences Institute$d2015 215 $aX, 107 p.$cill.$d24 cm 410 1$1001VAN0113406$12001 $aStochastics in Biological Systems. Subseries$1210 $aCham [etc.]$cSpringer$v1.4 500 1$3VAN0235274$aStochastic models for structured populations : scaling limits and long time behavior$92440572 606 $a60J74$xJump processes on discrete state spaces [MSC 2020]$3VANC019965$2MF 606 $a60J80$xBranching processes (Galton-Watson, birth-and-death, etc.) [MSC 2020]$3VANC020096$2MF 606 $a60H10$xStochastic ordinary differential equations [MSC 2020]$3VANC020682$2MF 606 $a92D25$xPopulation dynamics (general) [MSC 2020]$3VANC022805$2MF 606 $a92D15$xProblems related to evolution [MSC 2020]$3VANC023324$2MF 606 $a60G57$xRandom measures [MSC 2020]$3VANC028999$2MF 606 $a60J76$xJump processes on general state spaces [MSC 2020]$3VANC035913$2MF 610 $aBirth-death processes$9KW:K 610 $aBranching processes in random environment$9KW:K 610 $aCell division dynamics$9KW:K 610 $aContinuous state branching processes$9KW:K 610 $aLarge population approximations$9KW:K 610 $aMartingale properties$9KW:K 610 $aMeasure-valued Markov processes$9KW:K 610 $aPopulation models$9KW:K 610 $aTwo-level models$9KW:K 620 $aCH$dCham$3VANL001889 700 1$aMeleard$bSylvie$3VANV087799$0755635 701 1$aBansaye$bVincent$3VANV087800$0755636 712 $aMathematical Biosciences Institute$3VANV114663$4650 712 $aSpringer $3VANV108073$4650 801 $aIT$bSOL$c20240614$gRICA 856 4 $uhttp://dx.doi.org/10.1007/978-3-319-21711-6$zE-book ? Accesso al full-text attraverso riconoscimento IP di Ateneo, proxy e/o Shibboleth 899 $aBIBLIOTECA DEL DIPARTIMENTO DI MATEMATICA E FISICA$1IT-CE0120$2VAN08 912 $fN 912 $aVAN0113700 950 $aBIBLIOTECA DEL DIPARTIMENTO DI MATEMATICA E FISICA$d08CONS e-book 0453 $e08eMF453 20180117 996 $aStochastic models for structured populations : scaling limits and long time behavior$92440572 997 $aUNICAMPANIA